Synonymes de Faire - Mort subite - Statistiques

Statistiques générales
  • Ce quiz a été pris 346 fois
  • Le résultat moyen est 9 sur 13
Answers on the Grid
Answers color-coded by a green-red scale on the quiz's grid according to % correct below.
Réaliser
Éviter
Effectuer
Poser
Contrôler
Adapter
Produire
Construire
Accomplir
Préparer
Définir
Chercher
Composé
Observer
Installer
Exécuter
Agir
Élaborer
Tenir
Assurer
Créer
Mettre en oeuvre
Fabriquer
 
Statistiques - réponses
Réponse % Correct
Réaliser
98%
Effectuer
91%
Produire
84%
Accomplir
80%
Exécuter
70%
Mettre en oeuvre
66%
Construire
65%
Créer
63%
Fabriquer
61%
Agir
60%
Préparer
60%
Élaborer
59%
Composé
21%
Aucun quiz correspondant
Distribution des résultats
% des personnes avec chaque résultat
Percentile par nombre de réponses
Votre historique - résultats
Vous n’avez pas pris ce quiz